Phoenix (French Band) Songs by Album - Statistics

General Stats
  • This quiz has been taken 9 times
  • The average score is 41 of 72
Answer Stats
Song % Correct
1901
100%
Alpha Zulu
100%
Bankrupt!
100%
Chloroform
100%
Entertainment
100%
Fences
100%
If I Ever Feel Better
100%
Lasso
100%
Lisztomania
100%
Ti Amo
100%
Tonight
100%
Alphabetical
83%
Armistice
83%
Girlfriend
83%
J-Boy
83%
After Midnight
67%
Bourgeois
67%
Countdown
67%
Don't
67%
Drakkar Noir
67%
Everything Is Everything
67%
Fior di Latte
67%
Love Like a Sunset, Pt. I
67%
Love Like a Sunset, Pt. II
67%
Napoleon Says
67%
Oblique City
67%
Rome
67%
S.O.S. In Bel Air
67%
Telefono
67%
The Real Thing
67%
Trying To Be Cool
67%
Tuttifrutti
67%
All Eyes On Me
50%
Artefact
50%
Consolation Prizes
50%
Fleur de Lys
50%
Funky Squaredance
50%
Goodbye Soleil
50%
Long Distance Call
50%
North
50%
Rally
50%
Run Run Run
50%
School's Rules
50%
Too Young
50%
Via Veneto
50%
Congratulations
33%
Congratulations (Revisited)
33%
Courtesy Laughs
33%
Definitive Breaks
33%
Diet of the Heart
33%
Embuscade
33%
Holdin' On Together
33%
Honeymoon
33%
Identical
33%
If It's Not With You
33%
I'm an Actor
33%
Lost and Found
33%
Love For Granted
33%
Lovelife
33%
My Elixir
33%
One Time Too Many
33%
On Fire
33%
Party Time
33%
Role Model
33%
Season 2
33%
Second to None
33%
Sometimes In the Fall
33%
Summer Days
33%
The Only One
33%
Victim of the Crime
33%
Winter Solstice
33%
(You Can't Blame It On) Anybody
33%
No matching quizzes found
Score Distribution
Percent of People with Each Score
Percentile by Number Answered
Your Score History
You have not taken this quiz